The structure of economics : (Record no. 15149)

000 -LEADER
fixed length control field 00619cam a22001934a 4500
020 ## - INTERNATIONAL STANDARD BOOK NUMBER
ISBN 0072343524 (alk. paper)
040 ## - CATALOGING SOURCE
Transcribing agency DLC
082 00 - DEWEY DECIMAL CLASSIFICATION NUMBER
Classification number 330 MCG 2001 A073 Or.
100 1# - MAIN ENTRY--AUTHOR NAME
Personal name Silberberg, Eugene.
245 14 - TITLE STATEMENT
Title The structure of economics :
Remainder of title a mathematical analysis /
250 ## - EDITION STATEMENT
Edition statement 3rd ed.
260 ## - PUBLICATION, DISTRIBUTION, ETC. (IMPRINT)
Place of publication Boston, Mass. :
Name of publisher McGraw-Hill,
Year of publication 2001.
300 ## - PHYSICAL DESCRIPTION
Number of Pages xvii, 668 p. :
Other physical details ill. ;
Dimensions 25 cm.
650 #0 - SUBJECT ADDED ENTRY--TOPICAL TERM
Topical Term Economics, Mathematical.
700 1# - ADDED ENTRY--PERSONAL NAME
Personal name Suen, Wing Chuen.
856 42 - ELECTRONIC LOCATION AND ACCESS
Uniform Resource Identifier http://www.loc.gov/catdir/description/mh021/00037220.html
856 41 - ELECTRONIC LOCATION AND ACCESS
Uniform Resource Identifier http://www.loc.gov/catdir/toc/mh021/00037220.html
942 ## - ADDED ENTRY ELEMENTS (KOHA)
Koha item type សៀវភៅភាសាអង់គ្លេស
952 ## - LOCATION AND ITEM INFORMATION (KOHA)
Withdrawn status [LOCAL, KOHA] 0
Holdings
Permanent Location Date acquired Koha item type Lost status Shelving location Barcode Current Location Full call number
Library Block A2017-11-11សៀវភៅភាសាអង់គ្លេស A073A07257Library Block A330 MCG 2001 A073 Or.
មជ្ឈមណ្ឌលឯការនៃសាកលវិទ្យាល័យភូមិន្ទកសិកម្មចំការដូង

Powered by Koha